000 00666nam a2200229 a 4500
999 _c2076
_d2076
007 ta
008 200204t2012 ii ||||g |||| 001 0 eng d
020 _a9780070680173
_cRs. 625.00
040 _aKO
_beng
041 0 _aeng
044 _aii
082 0 4 _223
_a351.02854678
_bB4697
100 1 _aBhattacharya, Jaijit
245 1 0 _ae-Gov 2.0 :
_bPolices, Processes and technologies /
_cJaijit Bhattacharya
260 _aNew Delhi :
_bTata McGraw hill Education Private Limited ,
_c2012.
300 _axxiv , 604 p. :
_bill. ;
_c24 cm.
504 _aIncludes Index.
650 0 _aFood industry and trade
_vTextbooks
904 _aReshma_R
942 _cBK